| 000 | 00889nam a22002417a 4500 | ||
|---|---|---|---|
| 999 |
_c7777 _d7777 |
||
| 003 | AR-CdUCM | ||
| 008 | 190321b ||||| |||| 00| 0 spa d | ||
| 020 | _a84-314-02-68-7 | ||
| 040 |
_aMUNICIPALIDAD PROVINCIAL DEL CUSCO _cBIBLIOTECA MUNICIPAL DEL CUSCO |
||
| 082 |
_a530 / _bA74 |
||
| 100 |
_aArmstrong, R. L. _921979 |
||
| 245 | _aMecánica, ondas y termofísica / | ||
| 260 |
_aEspaña : _bUrmo, _c1975. |
||
| 300 |
_a623 paginas ; _c25 cm. |
||
| 505 | _aContenido :La iniciación -- Vectores -- Introducción a la cinemática clásica -- Sistemas de referencia en movimiento relativo uniforme -- Cinemática relativista ... | ||
| 650 |
_aCorrientes oceánicas _921980 |
||
| 650 |
_aFísica pura _920428 |
||
| 650 |
_aCiencias aplicadas _920077 |
||
| 700 |
_aKing, J. D. _921981 |
||
| 700 |
_aJansa Guardiola, José M. (traductor) _921982 |
||
| 942 |
_2ddc _cLIBROS |
||
| 945 | _arum | ||